TV Shows By Apron Quiz Stats

 Plays Quiz Updated Mar 23, 2018

Score 0/16 Timer 04:00
4 Plays Today
% Correct
SpongeBob SquarePants
98.5%
The Simpsons
96.5%
Scooby-Doo, Where Are You!
95.2%
Sesame Street
92.8%
Family Guy
92.6%
The Big Bang Theory
92.1%
Futurama
86.7%
Doctor Who
83.3%
% Correct
2 Broke Girls
82%
Game of Thrones
81.1%
Star Trek
71.8%
Seinfeld
69.7%
How I Met Your Mother
63.1%
Adventure Time
56.7%
Breaking Bad
50.3%
Lost
44.5%

You're not logged in!

Compare scores with friends on all Sporcle quizzes.
OR
Log In

Sporcle TV

Today on Sporcle TV


Watch our educational content, quiz creation guides, and fun videos on Sporcle TV.

Show Comments

Extras

Top Quizzes Today


Score Distribution

Your Account Isn't Verified!

In order to create a playlist on Sporcle, you need to verify the email address you used during registration. Go to your Sporcle Settings to finish the process.

Report this User

Report this user for behavior that violates our Community Guidelines.

Details: